• 首页
  • 本馆介绍
  • 公告通知
  • 最新文献
  • 馆藏检索
  • 电子资源
  • 读者导购
  • 参考咨询
  • 我的图书馆
  • 登录
  • 详细信息显示
  • 放入我的书架
  • 预约/预借图书
  • 作者相关作品
  • 分类相关作品
  • 丛书相关作品
  • 出版社相关作品

书目信息

  • 表格格式
  • 工作单格式
  • 卡片格式
题名:
季度GDP的核算方法与数据质量
    
 
作者: 周国富 , 吴丹丹 , 连飞 著
分册:  
出版信息: 北京   国家行政学院出版社  2014
页数: 165页
开本: 24cm
丛书名:
单 册:
中图分类: F222.33
科图分类:
主题词: 国民经济计算体系--研究--中国
电子资源:
ISBN: 978-7-5150-1066-3
000 01315nam0 2200277 450
001 339653
005 20150608162713.06
010    @a978-7-5150-1066-3@dCNY35.00
100    @a20140625d2014 em y0chiy50 ea
101 0  @achi
102    @aCN@b110000
105    @ay z 000yy
106    @ar
200 1  @a季度GDP的核算方法与数据质量@Aji du gdp de he suan fang fa yu shu ju zhi liang@d= Accounting method and data quality of quarterly GDP@f周国富, 吴丹丹, 连飞著@zeng
210    @a北京@c国家行政学院出版社@d2014
215    @a165页@d24cm
300    @a受到全国统计科学研究计划重大项目“现行季度GDP测算方法的合理性及改进方案研究——基于地区统计数据的实证检验”(编号:2009LD005)的资助
330    @a本书对我国季度GDP核算的演进历程做了系统的回顾, 对现行季度GDP核算方法隐含的假定及其合理性进行了深入的分析和实证检验, 然后通过改进现行评估方案和重构评估指标体系, 采用空间计量模型方法, 对各省区季度GDP的数据质量进行了评估, 并就如何完善我国的季度GDP核算提出了针对性的建议。
510 1  @aAccounting method and data quality of quarterly GDP@zeng
606 0  @a国民经济计算体系@x研究@y中国
690    @aF222.33@v5
701  0 @a周国富@Azhou guo fu@f(1966.7)@4著
701  0 @a吴丹丹@Awu dan dan@c(女, 经济分析)@4著
701  0 @a连飞@Alian fei@4著
801  0 @aCN@b卓展宏图@c20150525
905    @dF222.33@e498@f4
    
    季度GDP的核算方法与数据质量= Accounting method and data quality of quarterly GDP/周国富, 吴丹丹, 连飞著.-北京:国家行政学院出版社,2014
    165页;24cm
    受到全国统计科学研究计划重大项目“现行季度GDP测算方法的合理性及改进方案研究——基于地区统计数据的实证检验”(编号:2009LD005)的资助
    
    ISBN 978-7-5150-1066-3:CNY35.00
    本书对我国季度GDP核算的演进历程做了系统的回顾, 对现行季度GDP核算方法隐含的假定及其合理性进行了深入的分析和实证检验, 然后通过改进现行评估方案和重构评估指标体系, 采用空间计量模型方法, 对各省区季度GDP的数据质量进行了评估, 并就如何完善我国的季度GDP核算提出了针对性的建议。
●
相关链接 在E读中查询图书 在五车中查询图书 在当当中查询图书 在豆瓣中查询图书


正题名:季度GDP的核算方法与数据质量     索取号:F222.33/498         预约/预借

序号 登录号 条形码 馆藏地/架位号 状态 备注
1 863517   208635173   第一样本阅览室/ [索取号:F222.33/498] 在馆    
2 863518   208635182   第一借阅区/ [索取号:F222.33/498] 在馆    
3 863519   208635191   第一借阅区/ [索取号:F222.33/498] 在馆    
4 863520   208635208   密集书库-海洋学院/ [索取号:F222.33/498] 在馆    
唐山师范学院图书馆 欢迎您!
大连网信软件有限公司© 版权所有